[Event "ODJM C 2023"]
[Site "Willingen GER"]
[Date "2023.05.31"]
[Round "5"]
[White "Briese, Paul"]
[Black "Classen, Marnin"]
[Result "1/2-1/2"]
[Termination "normal"]
[Board "1"]
[WhiteElo "1321"]
[BlackElo "1352"]
[WhiteClock "00:11:55"]
[BlackClock "00:19:00"]
[PlyCount "167"]
[WhiteFideId "16273826"]
[BlackFideId "34623833"]
[EventCountry "GER"]
[EventRounds "9"]
[EventType "swiss"]
[EventDate "2023.05.27"]

1. Nf3 {[%clk 01:30:56]} {[%emt 00:00:03]} d5 {[%clk 01:31:19]} {[%emt
00:00:11]} 2. g3 {[%clk 01:31:19]} {[%emt 00:00:07]} Nc6 {[%clk 01:31:25]}
{[%emt 00:00:24]} 3. Bg2 {[%clk 01:31:41]} {[%emt 00:00:09]} Bf5 {[%clk
01:31:34]} {[%emt 00:00:21]} 4. d3 {[%clk 01:31:46]} {[%emt 00:00:24]} e6
{[%clk 01:31:34]} {[%emt 00:00:30]} 5. Nbd2 {[%clk 01:32:03]} {[%emt 00:00:13]}
Nf6 {[%clk 01:31:41]} {[%emt 00:00:22]} 6. O-O {[%clk 01:32:10]} {[%emt
00:00:23]} Be7 {[%clk 01:31:51]} {[%emt 00:00:20]} 7. c3 {[%clk 01:31:46]}
{[%emt 00:00:54]} O-O {[%clk 01:32:06]} {[%emt 00:00:15]} 8. Qe1 {[%clk
01:30:24]} {[%emt 00:01:52]} e5 {[%clk 01:26:36]} {[%emt 00:06:00]} 9. e4
{[%clk 01:29:05]} {[%emt 00:01:49]} dxe4 {[%clk 01:23:25]} {[%emt 00:03:41]}
10. dxe4 {[%clk 01:29:17]} {[%emt 00:00:19]} Be6 {[%clk 01:22:26]} {[%emt
00:01:29]} 11. h3 {[%clk 01:26:14]} {[%emt 00:03:32]} h6 {[%clk 01:21:29]}
{[%emt 00:01:27]} 12. Nh2 {[%clk 01:25:54]} {[%emt 00:00:49]} Nd7 {[%clk
01:20:05]} {[%emt 00:01:55]} 13. b4 {[%clk 01:24:21]} {[%emt 00:02:04]} a6
{[%clk 01:18:44]} {[%emt 00:01:51]} 14. f4 {[%clk 01:21:20]} {[%emt 00:03:31]}
f6 {[%clk 01:18:18]} {[%emt 00:00:55]} 15. f5 {[%clk 01:20:54]} {[%emt
00:00:56]} Bf7 {[%clk 01:18:11]} {[%emt 00:00:37]} 16. g4 {[%clk 01:18:08]}
{[%emt 00:03:16]} Nb6 {[%clk 01:16:23]} {[%emt 00:02:18]} 17. Qg3 {[%clk
01:15:16]} {[%emt 00:03:21]} Bd6 {[%clk 01:15:57]} {[%emt 00:00:58]} 18. h4
{[%clk 01:11:37]} {[%emt 00:04:08]} Be7 {[%clk 01:07:32]} {[%emt 00:08:55]} 19.
Ndf3 {[%clk 01:10:59]} {[%emt 00:01:07]} Qd3 {[%clk 01:04:30]} {[%emt
00:03:30]} 20. g5 {[%clk 00:57:24]} {[%emt 00:14:08]} hxg5 {[%clk 00:58:34]}
{[%emt 00:06:26]} 21. hxg5 {[%clk 00:56:58]} {[%emt 00:00:56]} fxg5 {[%clk
00:58:20]} {[%emt 00:00:44]} 22. Bxg5 {[%clk 00:56:19]} {[%emt 00:01:09]} Bxg5
{[%clk 00:50:45]} {[%emt 00:08:05]} 23. Qxg5 {[%clk 00:56:20]} {[%emt
00:00:29]} Qd8 {[%clk 00:49:35]} {[%emt 00:01:41]} 24. Ng4 {[%clk 00:48:35]}
{[%emt 00:08:12]} Qxg5 {[%emt 00:03:02]} 25. Nxg5 {[%clk 00:48:35]} {[%emt
00:00:28]} Nd7 {[%clk 00:46:25]} {[%emt 00:01:12]} 26. Nxf7 {[%clk 00:48:26]}
{[%emt 00:00:39]} Rxf7 {[%clk 00:46:39]} {[%emt 00:00:15]} 27. Rfd1 {[%clk
00:47:50]} {[%emt 00:01:06]} Nf6 {[%clk 00:46:35]} {[%emt 00:00:35]} 28. Nxf6+
{[%clk 00:47:59]} {[%emt 00:00:21]} gxf6 {[%clk 00:46:32]} {[%emt 00:00:32]}
29. Bf1 {[%clk 00:46:42]} {[%emt 00:01:47]} Rg7+ {[%clk 00:45:43]} {[%emt
00:01:20]} 30. Kf2 {[%clk 00:46:59]} {[%emt 00:00:12]} b5 {[%clk 00:45:05]}
{[%emt 00:01:09]} 31. a4 {[%clk 00:45:56]} {[%emt 00:01:33]} Rb8 {[%clk
00:43:47]} {[%emt 00:01:47]} 32. axb5 {[%clk 00:45:28]} {[%emt 00:00:59]} axb5
{[%clk 00:43:53]} {[%emt 00:00:24]} 33. Rd5 {[%clk 00:45:37]} {[%emt 00:00:19]}
Nd8 {[%clk 00:39:09]} {[%emt 00:05:15]} 34. Rxb5 {[%clk 00:44:24]} {[%emt
00:01:44]} Rxb5 {[%clk 00:35:11]} {[%emt 00:04:29]} 35. Bxb5 {[%clk 00:43:59]}
{[%emt 00:00:54]} Nf7 {[%clk 00:34:58]} {[%emt 00:00:43]} 36. Bc4 {[%clk
00:42:58]} {[%emt 00:01:30]} Kf8 {[%clk 00:34:20]} {[%emt 00:01:09]} 37. Be6
{[%clk 00:40:19]} {[%emt 00:03:05]} Ng5 {[%clk 00:34:18]} {[%emt 00:00:36]} 38.
Bd5 {[%clk 00:39:35]} {[%emt 00:01:14]} Nh3+ {[%clk 00:34:21]} {[%emt
00:00:26]} 39. Kf3 {[%clk 00:38:39]} {[%emt 00:01:17]} Nf4 {[%clk 00:33:53]}
{[%emt 00:01:09]} 40. c4 {[%clk 00:37:45]} {[%emt 00:01:23]} Nxd5 {[%clk
00:33:09]} {[%emt 00:01:14]} 41. cxd5 {[%clk 00:36:54]} {[%emt 00:01:21]} Ke7
{[%clk 00:32:36]} {[%emt 00:01:03]} 42. Ra7 {[%clk 00:36:30]} {[%emt 00:00:53]}
Kd6 {[%clk 00:31:30]} {[%emt 00:01:37]} 43. Ra6+ {[%clk 00:36:30]} {[%emt
00:00:29]} Ke7 {[%clk 00:31:24]} {[%emt 00:00:37]} 44. Re6+ {[%clk 00:36:43]}
{[%emt 00:00:17]} Kf7 {[%clk 00:31:07]} {[%emt 00:00:47]} 45. Rc6 {[%clk
00:37:00]} {[%emt 00:00:13]} Rg1 {[%clk 00:31:26]} {[%emt 00:00:11]} 46. Rxc7+
{[%clk 00:37:16]} {[%emt 00:00:14]} Ke8 {[%clk 00:31:29]} {[%emt 00:00:27]} 47.
b5 {[%clk 00:35:36]} {[%emt 00:02:10]} Rb1 {[%clk 00:31:48]} {[%emt 00:00:10]}
48. Rc6 {[%clk 00:35:26]} {[%emt 00:00:36]} Ke7 {[%clk 00:30:55]} {[%emt
00:01:28]} 49. Re6+ {[%clk 00:33:40]} {[%emt 00:02:15]} Kf7 {[%clk 00:30:34]}
{[%emt 00:00:51]} 50. Rb6 {[%clk 00:31:54]} {[%emt 00:02:16]} Ke7 {[%clk
00:30:22]} {[%emt 00:00:43]} 51. Rb8 {[%clk 00:31:23]} {[%emt 00:01:01]} Rb4
{[%clk 00:30:20]} {[%emt 00:00:32]} 52. b6 {[%clk 00:30:34]} {[%emt 00:01:19]}
Kd7 {[%clk 00:29:59]} {[%emt 00:00:51]} 53. Ke3 {[%clk 00:30:13]} {[%emt
00:00:50]} Kd6 {[%clk 00:29:46]} {[%emt 00:00:44]} 54. b7 {[%clk 00:29:20]}
{[%emt 00:01:23]} Kc7 {[%clk 00:28:36]} {[%emt 00:01:40]} 55. Rf8 {[%clk
00:29:32]} {[%emt 00:00:15]} Kxb7 {[%clk 00:28:26]} {[%emt 00:00:43]} 56. Rxf6
{[%clk 00:29:50]} {[%emt 00:00:12]} Rb3+ {[%clk 00:28:50]} {[%emt 00:00:06]}
57. Kd2 {[%clk 00:29:40]} {[%emt 00:00:41]} Rb4 {[%clk 00:28:01]} {[%emt
00:01:18]} 58. Kd3 {[%clk 00:25:18]} {[%emt 00:04:52]} Rb3+ {[%clk 00:27:56]}
{[%emt 00:00:35]} 59. Kc4 {[%clk 00:25:41]} {[%emt 00:00:06]} Re3 {[%clk
00:28:17]} {[%emt 00:00:10]} 60. Kc5 {[%clk 00:25:56]} {[%emt 00:00:14]} Rxe4
{[%clk 00:28:34]} {[%emt 00:00:14]} 61. d6 {[%clk 00:25:15]} {[%emt 00:01:12]}
Re1 {[%clk 00:28:01]} {[%emt 00:01:02]} 62. Kd5 {[%clk 00:25:01]} {[%emt
00:00:43]} e4 {[%clk 00:27:46]} {[%emt 00:00:46]} 63. Rf7+ {[%clk 00:24:33]}
{[%emt 00:00:59]} Kc8 {[%clk 00:28:00]} {[%emt 00:00:15]} 64. Ke6 {[%clk
00:24:32]} {[%emt 00:00:29]} Rd1 {[%clk 00:27:28]} {[%emt 00:01:04]} 65. Rf8+
{[%clk 00:23:52]} {[%emt 00:01:08]} Kb7 {[%clk 00:25:45]} {[%emt 00:02:15]} 66.
d7 {[%clk 00:24:04]} {[%emt 00:00:17]} e3 {[%clk 00:22:49]} {[%emt 00:03:26]}
67. d8=Q {[%clk 00:24:22]} {[%emt 00:00:12]} Rxd8 {[%clk 00:23:05]} 68. Rxd8
{[%clk 00:24:47]} {[%emt 00:00:20]} e2 {[%clk 00:23:25]} {[%emt 00:00:11]} 69.
f6 {[%clk 00:23:30]} {[%emt 00:01:46]} e1=Q+ {[%clk 00:23:48]} {[%emt
00:00:07]} 70. Kf7 {[%clk 00:23:40]} {[%emt 00:00:16]} Qf2 {[%clk 00:23:20]}
{[%emt 00:01:01]} 71. Rd6 {[%clk 00:22:36]} {[%emt 00:01:31]} Kc7 {[%clk
00:22:13]} {[%emt 00:01:41]} 72. Re6 {[%clk 00:20:59]} {[%emt 00:02:07]} Qa2
{[%clk 00:22:21]} {[%emt 00:00:21]} 73. Ke7 {[%clk 00:21:04]} {[%emt 00:00:23]}
Qa3 {[%clk 00:22:43]} {[%emt 00:00:11]} 74. Ke8 {[%clk 00:19:39]} {[%emt
00:01:49]} Qa4+ {[%clk 00:23:00]} {[%emt 00:00:19]} 75. Kf8 {[%clk 00:19:11]}
{[%emt 00:00:43]} Qb4+ {[%clk 00:22:45]} {[%emt 00:00:59]} 76. Re7+ {[%clk
00:17:54]} {[%emt 00:01:47]} Kd8 {[%clk 00:21:23]} {[%emt 00:01:52]} 77. Kf7
{[%clk 00:17:16]} {[%emt 00:01:06]} Qc4+ {[%clk 00:21:35]} {[%emt 00:00:21]}
78. Kf8 {[%clk 00:15:56]} {[%emt 00:01:49]} Qc5 {[%clk 00:21:48]} {[%emt
00:00:17]} 79. Kf7 {[%clk 00:16:10]} {[%emt 00:00:15]} Qh5+ {[%emt 00:02:03]}
80. Kg7 {[%clk 00:14:58]} {[%emt 00:00:16]} Qh4 {[%clk 00:19:38]} {[%emt
00:02:34]} 81. Re8+ {[%clk 00:14:39]} {[%emt 00:00:49]} Kd7 {[%clk 00:18:57]}
{[%emt 00:01:12]} 82. f7 {[%clk 00:13:18]} {[%emt 00:01:51]} Qg5 {[%clk
00:19:15]} {[%emt 00:00:11]} 83. Kh7 {[%clk 00:11:34]} {[%emt 00:02:11]} Qf5
{[%clk 00:19:00]} {[%emt 00:00:48]} 84. Kg7 {[%clk 00:11:55]} {[%emt 00:00:10]}
1/2-1/2

[Event "ODJM C 2023"]
[Site "Willingen GER"]
[Date "2023.05.31"]
[Round "5"]
[White "Winkler, Frida"]
[Black "Hierl, Andreas"]
[Result "1-0"]
[Termination "normal"]
[Board "3"]
[WhiteElo "1280"]
[BlackElo "1236"]
[WhiteClock "00:47:17"]
[BlackClock "00:59:03"]
[PlyCount "137"]
[WhiteFideId "34622322"]
[BlackFideId "34660496"]
[EventCountry "GER"]
[EventRounds "9"]
[EventType "swiss"]
[EventDate "2023.05.27"]

1. e4 {[%clk 01:30:58]} {[%emt 00:00:01]} c6 {[%clk 01:30:54]} {[%emt
00:00:06]} 2. Nf3 {[%clk 01:31:21]} {[%emt 00:00:07]} d5 {[%clk 01:31:14]}
{[%emt 00:00:10]} 3. exd5 {[%clk 01:31:38]} {[%emt 00:00:12]} cxd5 {[%clk
01:31:36]} {[%emt 00:00:09]} 4. d4 {[%clk 01:31:57]} {[%emt 00:00:11]} Nc6
{[%clk 01:31:55]} {[%emt 00:00:10]} 5. c3 {[%clk 01:32:13]} {[%emt 00:00:15]}
Bg4 {[%clk 01:32:05]} {[%emt 00:00:20]} 6. Bd3 {[%clk 01:31:49]} {[%emt
00:00:54]} e6 {[%clk 01:32:10]} {[%emt 00:00:25]} 7. Bf4 {[%clk 01:31:50]}
{[%emt 00:00:29]} Nf6 {[%clk 01:30:54]} {[%emt 00:01:46]} 8. Nbd2 {[%clk
01:30:39]} {[%emt 00:01:41]} Be7 {[%clk 01:30:08]} {[%emt 00:01:16]} 9. O-O
{[%clk 01:30:08]} {[%emt 00:01:00]} O-O {[%emt 00:05:02]} 10. Qc2 {[%clk
01:28:25]} Rc8 {[%clk 01:27:12]} {[%emt 00:01:08]} 11. Qa4 {[%clk 01:25:26]}
{[%emt 00:03:29]} Nh5 {[%clk 01:21:21]} {[%emt 00:06:20]} 12. Be5 {[%clk
01:23:25]} {[%emt 00:02:29]} Bxf3 {[%clk 01:17:46]} {[%emt 00:04:07]} 13. Nxf3
{[%clk 01:23:41]} {[%emt 00:00:14]} Nxe5 {[%clk 01:18:09]} {[%emt 00:00:08]}
14. Nxe5 {[%clk 01:23:50]} {[%emt 00:00:21]} a6 {[%clk 01:18:05]} {[%emt
00:00:34]} 15. Qc2 {[%clk 01:22:58]} {[%emt 00:01:19]} h6 {[%clk 01:16:12]}
{[%emt 00:02:25]} 16. Bh7+ {[%clk 01:12:37]} {[%emt 00:10:51]} Kh8 {[%clk
01:15:10]} {[%emt 00:01:32]} 17. Nxf7+ {[%clk 01:12:41]} {[%emt 00:00:27]} Rxf7
{[%clk 01:15:28]} {[%emt 00:00:12]} 18. Bg6 {[%clk 01:13:04]} {[%emt 00:00:07]}
Rf5 {[%clk 01:15:38]} {[%emt 00:00:20]} 19. Bxf5 {[%clk 01:13:21]} {[%emt
00:00:12]} exf5 {[%clk 01:16:01]} {[%emt 00:00:07]} 20. Qxf5 {[%clk 01:13:40]}
{[%emt 00:00:11]} Nf6 {[%clk 01:16:18]} {[%emt 00:00:14]} 21. Rfe1 {[%clk
01:13:24]} {[%emt 00:00:44]} Qc7 {[%clk 01:11:07]} {[%emt 00:05:42]} 22. Rxe7
{[%clk 01:13:01]} {[%emt 00:00:53]} Qxe7 {[%clk 01:11:25]} {[%emt 00:00:13]}
23. Qxc8+ {[%clk 01:13:22]} {[%emt 00:00:09]} Kh7 {[%clk 01:11:44]} {[%emt
00:00:11]} 24. Qf5+ {[%clk 01:13:14]} {[%emt 00:00:37]} Kh8 {[%clk 01:11:47]}
{[%emt 00:00:27]} 25. Qe5 {[%clk 01:13:11]} {[%emt 00:00:31]} Qf7 {[%clk
01:11:41]} {[%emt 00:00:38]} 26. Re1 {[%clk 01:12:35]} {[%emt 00:01:05]} Ne4
{[%clk 01:11:05]} {[%emt 00:01:08]} 27. f3 {[%clk 01:12:29]} {[%emt 00:00:34]}
Nf6 {[%clk 01:11:26]} {[%emt 00:00:10]} 28. Qe7 {[%clk 01:12:15]} {[%emt
00:00:44]} Qg6 {[%clk 01:10:54]} {[%emt 00:01:02]} 29. Qxb7 {[%clk 01:11:57]}
{[%emt 00:00:49]} Qc2 {[%clk 01:09:11]} {[%emt 00:02:11]} 30. Qb3 {[%clk
01:10:18]} {[%emt 00:02:08]} Qd2 {[%clk 01:09:03]} {[%emt 00:00:39]} 31. Kf1
{[%clk 01:06:50]} {[%emt 00:03:58]} Qf4 {[%clk 01:05:18]} {[%emt 00:04:16]} 32.
h3 {[%clk 01:03:00]} {[%emt 00:04:20]} Ne4 {[%clk 01:02:37]} {[%emt 00:03:12]}
33. Qxd5 {[%clk 00:58:53]} {[%emt 00:04:36]} Ng3+ {[%clk 01:01:08]} {[%emt
00:02:00]} 34. Kg1 {[%clk 00:58:48]} {[%emt 00:00:34]} Qd2 {[%clk 01:01:17]}
{[%emt 00:00:19]} 35. Re8+ {[%clk 00:54:34]} {[%emt 00:04:46]} Kh7 {[%clk
01:01:27]} {[%emt 00:00:21]} 36. Qg8+ {[%clk 00:54:48]} {[%emt 00:00:15]} Kg6
{[%clk 01:01:47]} {[%emt 00:00:09]} 37. Re6+ {[%clk 00:55:01]} {[%emt
00:00:18]} Kh5 {[%clk 01:01:16]} {[%emt 00:01:01]} 38. Qf7+ {[%clk 00:49:53]}
{[%emt 00:05:38]} Kh4 {[%clk 01:01:17]} {[%emt 00:00:29]} 39. Qe7+ {[%clk
00:47:53]} {[%emt 00:02:30]} Kh5 {[%clk 00:58:58]} {[%emt 00:02:49]} 40. Qe8+
{[%clk 00:48:10]} {[%emt 00:00:13]} Kh4 {[%clk 00:58:28]} {[%emt 00:01:00]} 41.
Re4+ {[%clk 00:48:25]} {[%emt 00:00:15]} Nxe4 {[%clk 00:58:52]} {[%emt
00:00:07]} 42. Qxe4+ {[%clk 00:48:44]} {[%emt 00:00:10]} Kg5 {[%clk 00:59:07]}
{[%emt 00:00:16]} 43. d5 {[%clk 00:46:43]} {[%emt 00:02:30]} Qxb2 {[%clk
00:57:00]} {[%emt 00:02:37]} 44. d6 {[%clk 00:46:51]} {[%emt 00:00:22]} Qd2
{[%clk 00:57:10]} {[%emt 00:00:20]} 45. Qe7+ {[%clk 00:46:14]} {[%emt
00:01:08]} Kf5 {[%clk 00:57:07]} {[%emt 00:00:33]} 46. Qe4+ {[%clk 00:41:08]}
{[%emt 00:05:35]} Kg5 {[%clk 00:56:33]} {[%emt 00:01:05]} 47. Qg4+ {[%clk
00:39:35]} {[%emt 00:02:02]} Kf6 {[%clk 00:56:51]} {[%emt 00:00:13]} 48. Qd4+
{[%clk 00:39:58]} {[%emt 00:00:06]} Qxd4+ {[%clk 00:57:15]} {[%emt 00:00:07]}
49. cxd4 {[%clk 00:40:24]} {[%emt 00:00:03]} Ke6 {[%clk 00:57:30]} {[%emt
00:00:15]} 50. Kf2 {[%clk 00:40:51]} {[%emt 00:00:03]} Kxd6 {[%clk 00:57:46]}
{[%emt 00:00:15]} 51. Ke3 {[%clk 00:41:17]} {[%emt 00:00:03]} Kd5 {[%clk
00:57:45]} {[%emt 00:00:32]} 52. Kd3 {[%clk 00:41:34]} {[%emt 00:00:13]} a5
{[%clk 00:57:14]} {[%emt 00:01:01]} 53. Kc3 {[%clk 00:41:53]} {[%emt 00:00:11]}
g6 {[%clk 00:56:59]} {[%emt 00:00:44]} 54. a3 {[%clk 00:42:05]} {[%emt
00:00:18]} a4 {[%clk 00:56:54]} {[%emt 00:00:36]} 55. Kb4 {[%clk 00:42:22]}
{[%emt 00:00:13]} Kxd4 {[%clk 00:57:13]} {[%emt 00:00:11]} 56. Kxa4 {[%clk
00:42:46]} {[%emt 00:00:05]} Kc4 {[%clk 00:57:29]} {[%emt 00:00:14]} 57. g3
{[%clk 00:43:05]} {[%emt 00:00:12]} Kd3 {[%clk 00:56:56]} {[%emt 00:01:03]} 58.
Kb5 {[%clk 00:43:29]} {[%emt 00:00:06]} Ke3 {[%clk 00:57:21]} {[%emt 00:00:05]}
59. a4 {[%clk 00:43:55]} {[%emt 00:00:03]} Kxf3 {[%clk 00:57:46]} {[%emt
00:00:05]} 60. a5 {[%clk 00:44:23]} {[%emt 00:00:03]} Kxg3 {[%clk 00:57:49]}
{[%emt 00:00:27]} 61. a6 {[%clk 00:44:39]} {[%emt 00:01:45]} Kxh3 {[%clk
00:57:59]} {[%emt 00:00:19]} 62. a7 {[%clk 00:45:05]} {[%emt 00:00:04]} g5
{[%clk 00:58:21]} {[%emt 00:00:08]} 63. a8=Q {[%clk 00:45:28]} {[%emt
00:00:07]} h5 {[%clk 00:58:43]} {[%emt 00:00:09]} 64. Qf3+ {[%clk 00:45:40]}
{[%emt 00:00:17]} Kh4 {[%clk 00:59:02]} {[%emt 00:00:11]} 65. Kc4 {[%clk
00:45:50]} {[%emt 00:00:19]} g4 {[%clk 00:59:25]} {[%emt 00:00:08]} 66. Qf4
{[%clk 00:46:16]} {[%emt 00:00:03]} Kh3 {[%clk 00:59:29]} {[%emt 00:00:27]} 67.
Kd3 {[%clk 00:46:41]} {[%emt 00:00:04]} g3 {[%clk 00:59:37]} {[%emt 00:00:23]}
68. Ke2 {[%clk 00:47:03]} {[%emt 00:00:08]} g2 {[%clk 00:59:03]} {[%emt
00:01:04]} 69. Kf2 {[%clk 00:47:17]} 1-0

[Event "ODJM C 2023"]
[Site "Willingen GER"]
[Date "2023.05.31"]
[Round "5"]
[White "Dotschuweit, Erik"]
[Black "Böker, Maximilian"]
[Result "1-0"]
[Termination "normal"]
[Board "4"]
[WhiteElo "1332"]
[BlackElo "969"]
[WhiteClock "01:24:02"]
[BlackClock "00:36:09"]
[PlyCount "117"]
[WhiteFideId "34610146"]
[BlackFideId "34623868"]
[EventCountry "GER"]
[EventRounds "9"]
[EventType "swiss"]
[EventDate "2023.05.27"]

1. d4 {[%clk 01:30:32]} {[%emt 00:00:25]} d5 {[%clk 01:30:51]} {[%emt
00:00:11]} 2. Bf4 {[%clk 01:30:44]} {[%emt 00:00:16]} e6 {[%clk 01:30:57]}
{[%emt 00:00:25]} 3. e3 {[%clk 01:27:20]} {[%emt 00:03:54]} c5 {[%clk
01:30:51]} {[%emt 00:00:36]} 4. c3 {[%clk 01:27:34]} {[%emt 00:00:15]} Nf6
{[%clk 01:30:47]} {[%emt 00:00:34]} 5. Nf3 {[%clk 01:27:38]} {[%emt 00:00:26]}
Bd6 {[%clk 01:29:09]} {[%emt 00:02:08]} 6. Bg3 {[%clk 01:27:30]} {[%emt
00:00:37]} Bxg3 {[%clk 01:26:41]} {[%emt 00:02:59]} 7. hxg3 {[%clk 01:27:48]}
{[%emt 00:00:11]} cxd4 {[%clk 01:25:53]} {[%emt 00:01:19]} 8. cxd4 {[%clk
01:28:09]} {[%emt 00:00:09]} O-O {[%clk 01:22:18]} {[%emt 00:04:05]} 9. Bd3
{[%clk 01:28:15]} {[%emt 00:00:24]} Nc6 {[%clk 01:17:38]} {[%emt 00:05:10]} 10.
Nbd2 {[%clk 01:27:21]} {[%emt 00:01:24]} Qb6 {[%clk 01:13:18]} {[%emt
00:04:48]} 11. b3 {[%clk 01:26:52]} {[%emt 00:01:01]} Nb4 {[%clk 01:12:50]}
{[%emt 00:00:58]} 12. Qe2 {[%clk 01:26:47]} {[%emt 00:00:34]} Nxd3+ {[%clk
01:11:54]} {[%emt 00:01:26]} 13. Qxd3 {[%clk 01:27:07]} {[%emt 00:00:10]} h6
{[%clk 01:09:15]} {[%emt 00:03:09]} 14. e4 {[%clk 01:27:11]} {[%emt 00:00:26]}
dxe4 {[%clk 01:06:16]} {[%emt 00:03:29]} 15. Nxe4 {[%clk 01:27:28]} {[%emt
00:00:13]} Nxe4 {[%clk 01:05:57]} {[%emt 00:00:49]} 16. Qxe4 {[%clk 01:27:41]}
{[%emt 00:00:17]} Qa5+ {[%clk 01:05:51]} {[%emt 00:00:36]} 17. Nd2 {[%clk
01:27:54]} {[%emt 00:00:18]} Qd5 {[%clk 01:03:24]} {[%emt 00:02:53]} 18. O-O
{[%clk 01:25:11]} {[%emt 00:03:16]} Qxe4 {[%clk 01:03:14]} {[%emt 00:00:41]}
19. Nxe4 {[%clk 01:25:34]} {[%emt 00:00:07]} Rd8 {[%clk 00:59:53]} {[%emt
00:03:50]} 20. Rfd1 {[%clk 01:25:35]} {[%emt 00:00:29]} b6 {[%clk 00:59:06]}
{[%emt 00:01:17]} 21. Rac1 {[%clk 01:24:49]} {[%emt 00:01:15]} Bb7 {[%clk
00:58:22]} {[%emt 00:01:14]} 22. f3 {[%clk 01:25:08]} {[%emt 00:00:12]} Rac8
{[%clk 00:56:36]} {[%emt 00:02:09]} 23. Rxc8 {[%clk 01:25:25]} {[%emt
00:00:20]} Rxc8 {[%clk 00:56:58]} {[%emt 00:00:08]} 24. Nd6 {[%clk 01:25:26]}
{[%emt 00:00:28]} Rc7 {[%clk 00:54:28]} {[%emt 00:03:01]} 25. Kf2 {[%clk
01:24:27]} {[%emt 00:01:29]} Ba6 {[%clk 00:53:22]} {[%emt 00:01:35]} 26. Rd2
{[%clk 01:24:24]} {[%emt 00:00:34]} Rd7 {[%clk 00:52:04]} {[%emt 00:01:47]} 27.
Nc4 {[%clk 01:23:26]} {[%emt 00:01:28]} Bxc4 {[%clk 00:50:11]} {[%emt
00:02:24]} 28. bxc4 {[%clk 01:23:49]} {[%emt 00:00:08]} Kf8 {[%clk 00:47:40]}
{[%emt 00:03:00]} 29. Ke3 {[%clk 01:24:06]} {[%emt 00:00:13]} Ke7 {[%clk
00:47:11]} {[%emt 00:00:59]} 30. g4 {[%clk 01:24:17]} {[%emt 00:00:19]} Kd6
{[%clk 00:46:54]} {[%emt 00:00:46]} 31. Ke4 {[%clk 01:24:25]} {[%emt 00:00:23]}
Rc7 {[%clk 00:44:20]} {[%emt 00:03:01]} 32. Rc2 {[%clk 01:23:56]} {[%emt
00:01:02]} f6 {[%clk 00:43:35]} {[%emt 00:01:16]} 33. f4 {[%clk 01:23:54]}
{[%emt 00:00:31]} g5 {[%clk 00:40:27]} {[%emt 00:03:38]} 34. g3 {[%clk
01:24:01]} {[%emt 00:00:24]} gxf4 {[%clk 00:38:57]} {[%emt 00:01:59]} 35. gxf4
{[%clk 01:24:09]} {[%emt 00:00:23]} Re7 {[%clk 00:37:44]} {[%emt 00:01:42]} 36.
Rh2 {[%clk 01:24:08]} {[%emt 00:00:32]} Rh7 {[%clk 00:36:42]} {[%emt 00:01:31]}
37. g5 {[%clk 01:23:44]} {[%emt 00:00:55]} f5+ {[%clk 00:36:05]} {[%emt
00:01:07]} 38. Kd3 {[%clk 01:24:04]} {[%emt 00:00:11]} h5 {[%clk 00:36:21]}
{[%emt 00:00:13]} 39. Ke3 {[%clk 01:23:01]} {[%emt 00:01:33]} Kc6 {[%clk
00:35:49]} {[%emt 00:01:03]} 40. a4 {[%clk 01:22:38]} {[%emt 00:00:52]} Kb7
{[%clk 00:35:45]} {[%emt 00:00:34]} 41. d5 {[%clk 01:22:28]} {[%emt 00:00:40]}
exd5 {[%clk 00:34:37]} {[%emt 00:01:37]} 42. cxd5 {[%clk 01:22:51]} {[%emt
00:00:08]} Kc7 {[%clk 00:32:33]} {[%emt 00:02:34]} 43. g6 {[%clk 01:20:50]}
{[%emt 00:02:31]} Rg7 {[%clk 00:31:50]} {[%emt 00:01:13]} 44. Rxh5 {[%clk
01:21:06]} {[%emt 00:00:14]} Rxg6 {[%clk 00:32:09]} {[%emt 00:00:11]} 45. Rxf5
{[%clk 01:21:27]} {[%emt 00:00:09]} Rg3+ {[%clk 00:32:24]} {[%emt 00:00:15]}
46. Ke4 {[%clk 01:21:50]} {[%emt 00:00:06]} Ra3 {[%clk 00:32:46]} {[%emt
00:00:09]} 47. Rf7+ {[%clk 01:22:11]} {[%emt 00:00:09]} Kd6 {[%clk 00:33:08]}
{[%emt 00:00:08]} 48. Rxa7 {[%clk 01:22:28]} {[%emt 00:00:13]} b5 {[%clk
00:33:26]} {[%emt 00:00:12]} 49. Ra6+ {[%clk 01:22:44]} {[%emt 00:00:14]} Kd7
{[%clk 00:33:42]} {[%emt 00:00:14]} 50. Ke5 {[%clk 01:22:54]} {[%emt 00:00:20]}
bxa4 {[%clk 00:34:05]} {[%emt 00:00:08]} 51. Ra7+ {[%clk 01:23:04]} {[%emt
00:00:19]} Kd8 {[%clk 00:34:27]} {[%emt 00:00:08]} 52. Kd6 {[%clk 01:23:22]}
{[%emt 00:00:12]} Ke8 {[%clk 00:34:44]} {[%emt 00:00:13]} 53. f5 {[%clk
01:23:01]} {[%emt 00:00:51]} Ra1 {[%clk 00:35:08]} {[%emt 00:00:05]} 54. Ke6
{[%clk 01:22:59]} {[%emt 00:00:33]} Re1+ {[%clk 00:35:27]} {[%emt 00:00:11]}
55. Kf6 {[%clk 01:23:16]} {[%emt 00:00:13]} Rd1 {[%clk 00:35:11]} {[%emt
00:00:45]} 56. Rxa4 {[%clk 01:23:04]} {[%emt 00:00:43]} Rxd5 {[%clk 00:35:37]}
{[%emt 00:00:04]} 57. Ke6 {[%clk 01:23:25]} {[%emt 00:00:09]} Rd8 {[%clk
00:35:51]} {[%emt 00:00:16]} 58. Rh4 {[%clk 01:23:38]} {[%emt 00:00:17]} Kf8
{[%clk 00:36:09]} {[%emt 00:00:13]} 59. Rh8+ {[%clk 01:24:02]} {[%emt
00:00:06]} 1-0